Zhodnotenie výchovy mladých smrekových porastov

Bibliographic Details
Main Author: Konôpka, Jozef, 1940- (Author)
Format: Article
Language:Slovak
Subjects:

MARC

LEADER 00000nab a2200000 a 4500
001 vtls000231424
003 SK-MaSNL
005 20260430045406.0
008 250422c1985 xo 0 slo
015 |a SNBRB19rr/mm-uuuuu 
035 |a CL0241538 
035 |a urn:nbn:sk:snk-ab64i 
035 |a (urnnbn)urn:nbn:sk:snk:ar-005b7g 
035 |a (uuid)05966d7f-2acf-4a0c-9c6a-a5cf67523dae 
040 |a SNKBUCL  |b slo  |c SNKBUCL  |e AACR2 
041 0 |a slo 
044 |a xo  |c SK 
080 |a 630 22  |2 1981 
100 1 |a Konôpka, Jozef,  |d 1940-  |4 aut  |9 89185 
245 1 0 |a Zhodnotenie výchovy mladých smrekových porastov  |c Jozef Konôpka 
650 0 7 |a smrekové porasty  |2 snkbucl  |9 29335 
655 7 |a články z novín a časopisov  |2 snkbucl  |9 267496 
773 0 |t Lesnícky časopis  |g Roč. 31, č. 5 (1985), s. 401-403 
850 |a Slovenská národná knižnica 
852 |a Slovenská národná knižnica 
954 |a odborná, vedecká literatúra pôvodná (slovenská)  |2 lita 
957 |a 3805 
958 |a article2022 
958 |a OND 
958 |a RK 
958 |a EUIPO 
992 |a RBX 
999 |c 2712939  |d 2714869